| Поле | Название | Значение |
| |
Тип записи |
a |
| |
Библиографический уровень |
m |
| 001 |
Контрольный номер |
SKBR/8cc279f8-4f96-4d1e-bf49-6ba948b8096e |
| 005 |
Дата корректировки |
20211217160259.7 |
| 010 |
Индекс ISBN |
__ |
| a |
ISBN |
978-5-04-089142-9 |
| 9 |
Тираж |
3000 экз. |
| b |
Уточнения |
в пер. |
| d |
Цена |
622-60 |
| 035 |
Другие системные номера |
__ |
| a |
Идентификатор записи |
RU\CHEL\0000318864 |
| 100 |
Данные общей обработки |
__ |
| a |
Данные общей обработки |
20181113d2018 am y0rusy028902 ca |
| 101 |
Язык документа |
0_ |
| a |
Язык текста |
rus |
| 102 |
Страна публикации |
__ |
| a |
Страна публикации |
RU |
| 105 |
Кодированные данные (монография) |
__ |
| a |
Кодированные данные (монография) |
a z 000yy |
| 181 |
Поле кодированных данных: вид содержания |
_0 |
| a |
Код вида содержания (ISBD) |
i |
| 182 |
Поле кодированных данных: тип средства |
_0 |
| a |
Код типа средства (ISBD) |
n |
| 200 |
Заглавие и сведения об ответственности |
1_ |
| a |
Заглавие |
Российский голос формулы 1 |
| f |
Первые сведения об ответственности |
Алексей Попов |
| 203 |
Вид содержания и тип средства |
__ |
| a |
Вид содержания |
Текст |
| c |
Тип средства |
непосредственный |
| 210 |
Выходные данные |
1_ |
| a |
Место издания |
Москва |
| c |
Издательство |
Э |
| d |
Дата издания |
2018 |
| 215 |
Физическое описание |
__ |
| a |
Объем |
318, [1] с., [24] л. цв. ил. |
| c |
Иллюстрации/тип воспроизводства |
ил., портр. |
| d |
Формат |
21 см |
| 330 |
Аннотация |
__ |
| a |
Аннотация |
Алексей Попов - российский голос "Формулы-1". И в минувшем сезоне его репортажам с автодромов всего мира исполнилось уже 25 лет... Эта книга - некое подобие творческого отчета за первую часть этого периода. Это и не автобиография и не академическое резюме гонок. Это воспоминания. Фрагменты того, что Алексей помнит с 1990-го, когда увлекся "Формулой-1", по 2002-й, когда вернулся в Москву из Монако. Первые статьи в 91-м, первые эфиры в 92-м, жизнь в Монако, полеты по всему миру - от Австралии до Аргентины. Дружба с пилотами, работа на телевидении, трое сыновей. А еще - много подробностей гонок. Таблицы всех чемпионатов за этот период. И конечно же - эксклюзивные фотографии от французского мастера Жана-Франсуа Галерона. |
| 601 |
Наименование организации как предмет |
02 |
| a |
Наименование организации как предмет |
"Формула-1", чемпионат мира по автогонкам |
| 606 |
Тематические рубрики |
__ |
| a |
Основная рубрика |
Физическая культура и спорт |
| 606 |
Тематические рубрики |
__ |
| a |
Основная рубрика |
Авто-мото-велоспорт |
| 610 |
Ключевые слова |
2_ |
| a |
Ключевые слова |
автомобильный спорт |
| 610 |
Ключевые слова |
2_ |
| a |
Ключевые слова |
ралли |
| 610 |
Ключевые слова |
2_ |
| a |
Ключевые слова |
автомобильные гонки |
| 610 |
Ключевые слова |
0_ |
| a |
Ключевые слова |
автогонки |
| 610 |
Ключевые слова |
0_ |
| a |
Ключевые слова |
автогонщики |
| 610 |
Ключевые слова |
0_ |
| a |
Ключевые слова |
спортивные автомобили |
| 610 |
Ключевые слова |
0_ |
| a |
Ключевые слова |
спортивные гонки |
| 610 |
Ключевые слова |
2_ |
| a |
Ключевые слова |
автоспорт |
| 686 |
Индексы других классификаций |
__ |
| a |
Классификационный индекс |
75.721.5; ст75.721.5 |
| 2 |
Код системы |
rubbks |
| 700 |
Автор |
_1 |
| a |
Фамилия |
Попов |
| b |
Имя |
А. Л. |
| f |
Даты |
1974- |
| g |
Полное личное имя |
Алексей Львович |
| 4 |
Код отношения |
070 |
| 801 |
Источник записи |
_0 |
| a |
Страна |
RU |
| b |
Организация |
Челябинская ОУНБ |
| c |
Дата составления |
20181113 |
| g |
Правила каталогизации |
rcr |
| 2 |
Код формата |
rusmarc |
| 801 |
Источник записи |
_1 |
| a |
Страна |
RU |
| b |
Организация |
Челябинская ОУНБ |
| c |
Дата составления |
20181113 |
| g |
Правила каталогизации |
rcr |
| 2 |
Код формата |
rusmarc |
| 852 |
Данные о местонахождении |
__ |
| i |
Авторский знак |
П 58 |
| j |
Шифр хранения |
75.721.5 |
| 900 |
Макрообъекты |
__ |
| a |
Макрообъекты |
Российский голос формулы 1, 2018 |
| 901 |
Тип документа |
__ |
| a |
Ответственный |
КиК/Котельникова |
| t |
Тип документа |
m |
| 903 |
Характеристики (МАРС) |
__ |
| a |
Дата передачи |
20211018 |
| c |
Наименование библиотеки (МАРС) |
Муниципальное бюджетное учреждение культуры "Централизованная библиотечная система" г. Сургут (Центральная городская библиотека им. А. С. Пушкина) |
| 990 |
Данные о заказе (DOS) |
__ |
| j |
Количество экземпляров (DOS) |
8 |
| t |
N записи в КСУ для И/У (DOS) |
202110 |